000 00287nam a22001217a 4500
999 _c12328
_d12328
020 _a9789386418401
082 _a658.15
100 _a M.L. Bhatia
245 _aEssentials of Technology Management
260 _aIndia
_bNew Age International
_c2018
300 _a743 pages.
942 _cBK